| 000 | 01782cjm a22004452a 4500 | ||
|---|---|---|---|
| 999 |
_c126848 _d126848 |
||
| 001 | 12640841 | ||
| 003 | ARRUPE | ||
| 005 | 20170830113146.0 | ||
| 007 | sd|zsngnnmmned | ||
| 008 | 020110s2000 hiuppn d d | ||
| 010 | _a 2002556722 | ||
| 024 | 1 | _a601018120324 | |
| 028 | 0 | 2 |
_aPRH 010CD _bPono Records |
| 028 | 0 | 0 |
_aPRH 010CD _bPono Records |
| 035 | _a(DLC) 2002556722 | ||
| 035 | _a(OCoLC)ocm47905563 | ||
| 040 |
_aHHD _cHHD _dDLC |
||
| 041 | 0 |
_dhaweng _ehaweng |
|
| 042 | _alcderive | ||
| 043 | _an-us-hi | ||
| 050 | 0 | 0 | _aSDA 34912 |
| 100 | 0 |
_aMaries, Andrew _935433 |
|
| 245 | 1 | 0 |
_aOne heart, one voice _cAndrew maries _bthe rich and varied resource of music in worship |
| 260 |
_aLondon _bHodder and Stoughton _c1985 |
||
| 300 |
_a176p. ; _c18cm. |
||
| 505 | 0 | _aOne heart, one voice -- He aha kauhana -- Honu -- Father to son -- East side boardriders -- Hoʻomana -- Ka laʻi opua -- Leader of the band -- Kaleleonalani -- The love you've given me -- More love, more power/Awesome God. | |
| 511 | 0 | _aKawika Kahiapo, guitars, ukuleles, congas, ipu, heke, vocals ; Pierre Grill, sequencing, synthesizers, piano, Hawaiian nose flute. | |
| 518 | _aRecorded at Rendezvous Recording, Inc., Honolulu, Hawaii. | ||
| 538 | _aCompact disc. | ||
| 546 | _aSung in English and Hawaiian. | ||
| 650 | 0 |
_aMusic and churches _935434 |
|
| 650 | 0 |
_aChurch music _xHistory and criticism _935435 |
|
| 906 |
_a7 _bcbc _ccopycat _d3 _encip _f20 _gy-genmusic |
||
| 942 |
_2lcc _cMONOGRAPH |
||